Slovenská automobilka s japonskou filozofiou

Aplikácia japonskej filozofie kaizenu v automobilovom závode Volkswagen Bratislava. Výroba zameraná na zákazníka. Investície do zamestnancov.

Enregistré dans:
Détails bibliographiques
Auteur principal: Uhrík, Jozef
Autres auteurs: Benka, Marián
Format: Chapitre de livre
Langue:slovaque
Sujets:
Tags: Ajouter un tag
Pas de tags, Soyez le premier à ajouter un tag!

MARC

LEADER 00000naa a2200000 4500
001 r025698
005 20251104123637.1
041 0 |a slo 
044 |a SK 
245 1 0 |a Slovenská automobilka s japonskou filozofiou  |c Jozef Uhrík, Marián Benka 
520 |a Aplikácia japonskej filozofie kaizenu v automobilovom závode Volkswagen Bratislava. Výroba zameraná na zákazníka. Investície do zamestnancov. 
610 2 0 |a marketing 
610 2 0 |a automobily 
610 2 0 |a firmy 
610 2 0 |a Volkswagen Bratislava, a.s. Bratislava 
610 2 0 |a kaizen 
100 1 |a Uhrík, Jozef 
700 1 |a Benka, Marián